Fundamental managerial accounting concepts / (Record no. 2587)

MARC details
000 -LEADER
fixed length control field 01377cam a2200205 a 4500
020 ## - INTERNATIONAL STANDARD BOOK NUMBER
ISBN 9780073527024
020 ## - INTERNATIONAL STANDARD BOOK NUMBER
ISBN 0073527025
050 00 - CALL NUMBER
Classification number HF5657.4
Item number .E35
100 1# - AUTHOR
Personal name Edmonds, Thomas P.
245 10 - TITLE
Title Fundamental managerial accounting concepts /
Statement of responsibility, etc Thomas P. Edmonds, Bor-Yi Tsay, Philip R. Olds.
250 ## - EDITION
Edition statement 5th ed.
260 ## - PUBLICATION INFORMATION
Place of publication New York :
Name of publisher McGraw-Hill Irwin,
Year of publication 2009.
300 ## - DESCRIPTION
Number of Pages xxxv, 713 p. :
Other physical details col. illus. ;
Dimensions 29 cm.
500 ## - NOTES
General note Includes index.
505 ## - FORMATTED CONTENTS NOTE
Table of Content Chapter 1: Management Accounting and Corporate Governance <br/>Chapter 2: Cost Behavior, Operating Leverage, and Profitability Analysis <br/>Chapter 3: Analysis of Cost, Volume, and Pricing to Increase Profitability <br/>Chapter 4: Cost Accumulation, Tracing and Allocation <br/>Chapter 5: Relevant Information for Special Decisions <br/>Chapter 6: Cost Management in an Automated Business Environment: ABC, ABM and TQM <br/>Chapter 7: Planning for Profit and Cost Control <br/>Chapter 8: Performance Evaluation <br/>Chapter 9: Responsibility Accounting <br/>Chapter 10: Planning for Capital Investments <br/>Chapter 11: Product Costing in Service and Manufacturing Entitles <br/>Chapter 12: Job-Order, Process and Hybrid Costing Systems <br/>Chapter 13: Financial Statement Analysis <br/>Chapter 14: Statement of Cash Flows.
650 #0 - SUBJECTS
Topical Term Managerial accounting.
700 1# - OTHER AUTHORS
Personal name Tsay, Bor-Yi.
700 1# - OTHER AUTHORS
Personal name Olds, Philip R.
942 ## - ADDED ENTRY ELEMENTS (KOHA)
Koha item type Books
Holdings
Withdrawn status Lost status Collection code Home library Current library Shelving location Date acquired Full call number Accession Number Koha item type
    Reference Methodist University Library Main Methodist University Library Main General Stacks 01/01/2013 HF5657.4 .E35 2009 38230 Books
      Methodist University Library Main Methodist University Library Main General Stacks 01/01/2013 HF5657.4 .E35 2009 34428 Books
    Reference Methodist University Library Main Methodist University Library Main General Stacks 01/01/2013 HF5657.4 .E35 2009 34426 Books
      Methodist University Library Main Methodist University Library Main General Stacks 01/01/2013 HF5657.4 .E35 2009 34429 Books
      Methodist University Library Main Methodist University Library Main General Stacks 01/01/2013 HF5657.4 .E35 2009 34430 Books
    Reference Methodist University Library Main Methodist University Library Main General Stacks 01/01/2013 HF5657.4 .E35 2009 36871 Books
    Reference Methodist University Library Main Methodist University Library Main General Stacks 13/11/2011 HF5657.4 .E35 34427 Books
      Methodist University Library Tema Methodist University Library Tema Reference 01/01/2013 HF5657.4 .E35 34431 Books
      Methodist University Library Tema Methodist University Library Tema Reference 01/01/2013 HF5657.4 .E35 34432 Books
      Methodist University Library Tema Methodist University Library Tema General Stacks 01/01/2013 HF5657.4 .E35 34433 Books
      Methodist University Library Tema Methodist University Library Tema General Stacks 01/01/2013 HF5657.4 .E35 34434 Books
Copyright © 2026  MUG Library